Movies Quiz

Random Movies or Actor Quiz

Movie Twosomes Quiz Stats

Quiz Updated Feb 17, 2015

Also try: Movie Threesomes
Challenge
Share
Tweet
Embed
Score 0/70 Timer 10:00
0 Plays Today
% Correct
Will Smith
92.8%
Tom Hanks
89.7%
Tim Allen
83.5%
Brad Pitt
83.3%
Julia Roberts
82.1%
John Travolta
79.7%
Jim Carrey
78.5%
Tommy Lee Jones
77.5%
Leonardo DiCaprio
76.6%
Heath Ledger
75.6%
Jackie Chan
75%
Tom Cruise
74.6%
Patrick Swayze
74.3%
Samuel L. Jackson
72.7%
Mel Gibson
72.5%
Owen Wilson
71.4%
Meg Ryan
70.4%
Will Ferrell
69.8%
Richard Gere
69.7%
Dustin Hoffman
69.2%
Mike Myers
68.4%
Ben Stiller
67.5%
Danny DeVito
66.5%
Meryl Streep
66.1%
Billy Crystal
65.4%
Edward Norton
64.9%
Danny Glover
60.9%
John Belushi
60.4%
Chris Farley
54.6%
David Spade
53.2%
Chris Tucker
53%
Dana Carvey
52.3%
Susan Sarandon
52.2%
Keanu Reeves
50.6%
Jake Gyllenhaal
50.4%
% Correct
Arnold Schwarzenegger
50.1%
Jennifer Grey
49.7%
Claire Danes
49.6%
Joe Pesci
48.7%
Mark Hamill
47.4%
Carrie Fisher
47.4%
Geena Davis
47.3%
Amy Adams
45.4%
Robert Redford
45.3%
Christian Bale
45.2%
Dan Aykroyd
43.7%
Paul Newman
43.6%
Hugh Jackman
43.1%
John C. Reilly
42.1%
Jeff Daniels
39.4%
Ian McKellen
37.2%
Steve Martin
35.7%
Jack Lemmon
35.2%
Warren Beatty
34%
Robin Wright
32.5%
Jimmy Stewart
31.8%
Cary Elwes
31.6%
Humphrey Bogart
31.5%
Christopher Lee
30.5%
Walter Matthau
29.8%
Faye Dunaway
28.8%
Katharine Hepburn
28.7%
Michael Caine
25.5%
Yul Brynner
25%
Daniel Stern
21.2%
Deborah Kerr
13.4%
Donna Reed
12.8%
Alex Winter
10%
Myrna Loy
9.1%
William Powell
7.4%

You're not logged in!

Compare scores with friends on all Sporcle quizzes.
Join for Free
OR
Log In

You Might Also Like...

Show Comments

Extras

Top Quizzes Today


Score Distribution

Your Account Isn't Verified!

In order to create a playlist on Sporcle, you need to verify the email address you used during registration. Go to your Sporcle Settings to finish the process.

Report this User

Report this user for behavior that violates our Community Guidelines.

Details: